LEADER 00551nab a2200145 i 4500 001 000000317160 003 CaOOAMICUS 005 20180831173223.0 008 180831n xx uu u0 0und r 013 $a26239 040 $aSeMil$bita 100 1 $aPagazzi, Giovanni Cesare.$0(OLS)http://semarc/name/5614 245 10$a[RECENSIONE: ..., Il Crocifisso risorto. Risurrezione di G..., 1998,1999]. 773 0 $t[Gennaio-Dicembre].$g649-651$w()274009 996 $6245$a[RECENSIONE: ..., Il Crocifisso risorto. Risurrezione di G..., 1998,1999]$9(OLS)http://semarc/title/391141 LEADER 00862nam a2200193 i 4500 001 000000025650 003 CaOOAMICUS 005 20180830125447.0 008 180830s1963 it u000 u ita u 040 $aSeMil$bita 245 13$aIl Mezzogiorno e la democrazia italiana. 260 $aMilano :$bFeltrinelli,$c1963-1966. 300 $a2 v. 700 1 $aSalvemini, Gaetano,$d<1873-1957>.$0(OLS)http://semarc/name/6674 773 0 $aSalvemini, Gaetano <1873-1957>$tOpere di Gaetano Salvemini.$dMilano : Feltrinelli, 1974.$w()25645 774 0 $tMinistro della mala vita e altri scritti sull'Italia giolittiana.$b2. edizione.$g1$w()207337 774 0 $tMovimento socialista e questione meridionale.$g2$w()207338 996 $6245$aIl Mezzogiorno e la democrazia italiana$9(OLS)http://semarc/title/34549 996 $6260$aMilano :$bFeltrinelli$9(OLS)http://semarc/publisher/30237